Wszystkie stacje przystanki kolejowe położone na obszarze GZM - Statystyki

Ogólne statystyki
  • Ten quiz został rozwiązany 83 razy
  • Średni wynik to 42 z 76
Statystyki odpowiedzi
Obsługiwane przez Stacja/przystanek Uwagi % Poprawnych
PR/KŚ Katowice
97%
PR/KŚ Gliwice
93%
Bytom
89%
Chorzów Batory
87%
Dąbrowa Górnicza
87%
PR/KŚ Sosnowiec Główny
87%
Zabrze
87%
Tychy
84%
Katowice Ligota
83%
PR/KŚ Katowice Szopienice Południowe
79%
Ruda Śląska
76%
Będzin Miasto
75%
Chorzów Miasto
75%
PR/KŚ Mysłowice
75%
Tychy Lodowisko
75%
Świętochłowice
74%
PR/KŚ Tarnowskie Góry
74%
Katowice Piotrowice
72%
PR/KŚ Katowice Zawodzie
72%
Katowice Brynów nieczynny od 9.03.
71%
Dąbrowa Górnicza Ząbkowice
70%
PR Gliwice Łabędy
67%
Ruda Chebzie
67%
PR Sosnowiec Południowy
67%
Mikołów
66%
Katowice Załęże
64%
Bytom Karb
63%
Dąbrowa Górnicza Pogoria tylko w miesiącach letnich
63%
Chorzów Stary
62%
Pyrzowice Lotnisko
61%
Będzin Ksawera
58%
Dąbrowa Górnicza Sikorka
57%
PR/KŚ Sosnowiec Jęzor Południowy
57%
Sosnowiec Maczki uruchomiony 31.08.
57%
Chorzów Uniwersytet
55%
Dąbrowa Górnicza Gołonóg
55%
Knurów
55%
PR Sosnowiec Dańdówka
55%
Zabrze Północne
54%
Dąbrowa Górnicza Południowa uruchomiony 31.08.
53%
Katowice Podlesie
53%
PR Sosnowiec Kazimierz
53%
PR Sławków
51%
Tychy Grota Roweckiego
51%
PR Dąbrowa Górnicza Strzemieszyce
50%
Radzionków
50%
Bytom Stroszek
47%
Łaziska Górne
47%
Tychy Żwaków
46%
Radzionków Rojca
45%
Zabrze Maciejów
45%
PR Pyskowice
43%
Łaziska Średnie
42%
Siewierz
42%
Tychy Aleja Bielska
42%
Mikołów Jamna
41%
Imielin
39%
PR Sosnowiec Porąbka
39%
PR Dąbrowa Górnicza Wschodnia
38%
Tychy Zachodnie
38%
Łaziska Górne Brada
37%
PR Gliwice Kuźnica
36%
Kobiór
36%
Mysłowice Brzezinka
36%
Nakło Śląskie
36%
Mysłowice Brzęczkowice
34%
Przyszowice
34%
Mysłowice Kosztowy
33%
Nowy Bieruń
33%
Miasteczko Śląskie Centrum (wyjątek ZTM, miasto poza GZM)
30%
Wyry
30%
Chełm Śląski
26%
Mierzęcice
26%
PR Rudziniec Gliwicki
20%
PR Taciszów
13%
PR Rzeczyce Śląskie
9%
Nie znaleziono quizów pasujących do podanych kryteriów
Rozkład punktacji
Procent ludzi z każdym wynikiem
Percentyl według liczby udzielonych odpowiedzi
Twoja historia wyników
Nie rozwiązałeś tego quizu